Study fatty liver index, lipid accumulation product and ultrasonography in patient with nonalcoholic fatty liverdisease in medical center in Sherbin City / (رقم التسجيلة. 71226)

تفاصيل مارك
000 -LEADER
fixed length control field 02558cam a2200349 a 4500
003 - CONTROL NUMBER IDENTIFIER
control field EG-GiCUC
005 - DATE AND TIME OF LATEST TRANSACTION
control field 20250223032237.0
008 - FIXED-LENGTH DATA ELEMENTS--GENERAL INFORMATION
fixed length control field 190406s2018 ua d f m 000 0 eng d
040 ## - CATALOGING SOURCE
Original cataloging agency EG-GiCUC
Language of cataloging eng
Transcribing agency EG-GiCUC
041 0# - LANGUAGE CODE
Language code of text/sound track or separate title eng
049 ## - LOCAL HOLDINGS (OCLC)
Holding library Deposite
097 ## - Thesis Degree
Thesis Level Ph.D
099 ## - LOCAL FREE-TEXT CALL NUMBER (OCLC)
Classification number Cai01.11.35.Ph.D.2018.Mo.S
100 0# - MAIN ENTRY--PERSONAL NAME
Personal name Mohammed Elsaid Saleh Elaraby
245 10 - TITLE STATEMENT
Title Study fatty liver index, lipid accumulation product and ultrasonography in patient with nonalcoholic fatty liverdisease in medical center in Sherbin City /
Statement of responsibility, etc. Mohammed Elsaid Saleh Elaraby ; Supervised Nagwa Eid Sobhy Saad , Saher Abdelatty , Ghada Khafaji
246 15 - VARYING FORM OF TITLE
Title proper/short title دراسة مؤشر الكبد الدهني ،ناتج تراكم الدهون والموجات الفوق صوتيه في مرضي الكبد الدهني الغير كحولي بمركز طبي في مدينة شربين
260 ## - PUBLICATION, DISTRIBUTION, ETC.
Place of publication, distribution, etc. Cairo :
Name of publisher, distributor, etc. Mohammed Elsaid Saleh Elaraby ,
Date of publication, distribution, etc. 2018
300 ## - PHYSICAL DESCRIPTION
Extent 147 P. :
Other physical details charts ;
Dimensions 25cm
502 ## - DISSERTATION NOTE
Dissertation note Thesis (Ph.D.) - Cairo University - Faculty of Medicine - Department of Family Medicine
520 ## - SUMMARY, ETC.
Summary, etc. Introduction: NAFLD has become an emerging public health concern, most NAFLD patients do not present specific symptoms, particularly at the early stage, which hinders prevention and early detection.Simple clinical algorithms including fatty liver index (FLI) and lipid accumulation product (LAP) have been developed as surrogate markers for NAFLD, diagnosed using ultrasonography. Objectives: This study aimed to validate FLI and LAP as measures of hepatic steatosis, and compare between FLI & LAP in predicting NAFLD in primary health care (PHC). Methods: This is a comparative study, data were collected from 227 participants aged 18-65 years who attended family medicine clinic (medical center) in Sherbin city- Dakahliyah governorate - Egypt. All participants{u2019} socioeconomic, anthropometric and blood metabolic indices were obtained, and food frequency questionnaires, physical activity questionnaire were completed. Liver fat was investigated using ultrasonography, FLI&LAP were calculated and compared with ultrasound findings
530 ## - ADDITIONAL PHYSICAL FORM AVAILABLE NOTE
Additional physical form available note Issued also as CD
653 #4 - INDEX TERM--UNCONTROLLED
Uncontrolled term Fatty liver
653 #4 - INDEX TERM--UNCONTROLLED
Uncontrolled term Nonalcoholic fatty liverdisease
653 #4 - INDEX TERM--UNCONTROLLED
Uncontrolled term Ultrasonography
700 0# - ADDED ENTRY--PERSONAL NAME
Personal name Ghada Khafaji ,
Relator term
700 0# - ADDED ENTRY--PERSONAL NAME
Personal name Nagwa Eid Sobhy Saad ,
Relator term
700 0# - ADDED ENTRY--PERSONAL NAME
Personal name Saher Abdelatty ,
Relator term
856 ## - ELECTRONIC LOCATION AND ACCESS
Uniform Resource Identifier <a href="http://172.23.153.220/th.pdf">http://172.23.153.220/th.pdf</a>
905 ## - LOCAL DATA ELEMENT E, LDE (RLIN)
Cataloger Nazla
Reviser Revisor
905 ## - LOCAL DATA ELEMENT E, LDE (RLIN)
Cataloger Shimaa
Reviser Cataloger
942 ## - ADDED ENTRY ELEMENTS (KOHA)
Source of classification or shelving scheme Dewey Decimal Classification
Koha item type Thesis
المقتنيات
Source of classification or shelving scheme Not for loan Home library Current library Date acquired Full call number Barcode Date last seen Koha item type Copy number
Dewey Decimal Classification   المكتبة المركزبة الجديدة - جامعة القاهرة قاعة الرسائل الجامعية - الدور الاول 11.02.2024 Cai01.11.35.Ph.D.2018.Mo.S 01010110077538000 22.09.2023 Thesis  
Dewey Decimal Classification   المكتبة المركزبة الجديدة - جامعة القاهرة مخـــزن الرســائل الجـــامعية - البدروم 11.02.2024 Cai01.11.35.Ph.D.2018.Mo.S 01020110077538000 22.09.2023 CD - Rom 77538.CD
Cairo University Libraries Portal Implemented & Customized by: Eng. M. Mohamady Contacts: new-lib@cl.cu.edu.eg | cnul@cl.cu.edu.eg
CUCL logo CNUL logo
© All rights reserved — Cairo University Libraries
CUCL logo
Implemented & Customized by: Eng. M. Mohamady Contact: new-lib@cl.cu.edu.eg © All rights reserved — New Central Library
CNUL logo
Implemented & Customized by: Eng. M. Mohamady Contact: cnul@cl.cu.edu.eg © All rights reserved — Cairo National University Library